| 000 | 00591pam a2200181 a 4500 | ||
|---|---|---|---|
| 020 | _a007040447X (acidfree, recycled paper) | ||
| 040 | _cDLC | ||
| 082 | 0 | 0 | _a382 MCG 1995 A019 Or. |
| 245 | 0 | 0 |
_aInternational trade : _btheory and evidence / |
| 250 | _aInternational ed. | ||
| 260 |
_aNew York : _bMcGraw-Hill, _cc1995. |
||
| 300 |
_axxiii, 471 p. : _bill. ; _c25 cm. |
||
| 650 | 0 | _aInternational trade. | |
| 700 | 1 | _aMarkusen, James R., | |
| 856 | 4 | 2 | _uhttp://www.loc.gov/catdir/description/mh022/94024782.html |
| 856 | 4 | 1 | _uhttp://www.loc.gov/catdir/toc/mh022/94024782.html |
| 942 | _cEK | ||
| 999 |
_c12282 _d12282 |
||